[Event "Pobeskydy op"]
[Site "Frydek Mistek"]
[Date "2017.04.15"]
[Round "5"]
[White "Sikora, Jan"]
[Black "Tomcik, Milan"]
[Result "1-0"]
[WhiteElo "2204"]
[BlackElo "2060"]
[PlyCount "79"]
[EventDate "2017.04.13"]
[EventType "swiss"]
[EventRounds "9"]
[EventCountry "CZE"]
[SourceTitle "CBM 177 Extra"]
[Source "ChessBase"]
[SourceDate "2017.04.27"]
[SourceVersion "1"]
[SourceVersionDate "2017.04.27"]
[SourceQuality "1"]

1. e4 c6 2. Nc3 d5 3. Nf3 Bg4 4. h3 Bh5 5. exd5 cxd5 6. g4 Bg6 7. Bb5+ Nc6 8. Ne5 Rc8 9. d4 e6 10. Qe2 Bb4 11. h4 Nge7 12. h5 Be4 13. f3 0-0 14. Nxc6 Nxc6 15. Be3 Qa5 16. Bxc6 Bxc3+ 17. bxc3 Qxc3+ 18. Kf2 Rxc6 19. fxe4 f5 20. exf5 exf5 21. gxf5 Rxf5+ 22. Kg2 Re6 23. Rae1 Rf8 24. Qd3 Qc8 25. Bf2 Rc6 26. Qh3 Qc7 27. Re2 Rxc2 28. Rhe1 Rxe2 29. Rxe2 Qf4 30. Qg3 Qh6 31. Qg4 Kh8 32. Be3 Qa6 33. Rf2 Rg8 34. Bf4 Qd3 35. Be5 h6 36. Qg6 Qxg6+ 37. hxg6 Rc8 38. Rf7 Rc2+ 39. Kf3 Kg8 40. Rxb7 1-0

[Event "Pobeskydy op"]
[Site "Frydek Mistek"]
[Date "2017.04.13"]
[Round "2"]
[White "Tomcik, Milan"]
[Black "Tomcikova, Dominika"]
[Result "1/2-1/2"]
[WhiteElo "2060"]
[BlackElo "1907"]
[PlyCount "53"]
[EventDate "2017.04.13"]
[EventType "swiss"]
[EventRounds "9"]
[EventCountry "CZE"]
[SourceTitle "CBM 177 Extra"]
[Source "ChessBase"]
[SourceDate "2017.04.27"]
[SourceVersion "1"]
[SourceVersionDate "2017.04.27"]
[SourceQuality "1"]

1. e4 c6 2. f4 d5 3. e5 e6 4. Nf3 Ne7 5. d4 Nf5 6. Bd3 Nh4 7. 0-0 Nxf3+ 8. Qxf3 c5 9. c3 Nc6 10. Be3 Qb6 11. Qf2 c4 12. Be2 Qxb2 13. Nd2 Qxc3 14. f5 exf5 15. g4 g6 16. Nf3 Be7 17. a4 Qa5 18. Ng5 Qd8 19. Nf3 Be6 20. Rab1 b6 21. h4 h6 22. h5 fxg4 23. Nd2 gxh5 24. Rbc1 Bh4 25. Qg2 Bg5 26. Bxg5 Qxg5 27. Nxc4 1/2-1/2

[Event "SVK-chT1E 1617"]
[Site "Slovakia"]
[Date "2017.03.19"]
[Round "11.6"]
[White "Jurov, Pavol"]
[Black "Tomcik, Milan"]
[Result "0-1"]
[WhiteElo "1963"]
[BlackElo "2060"]
[PlyCount "100"]
[EventDate "2016.10.15"]
[EventType "team-tourn"]
[EventRounds "11"]
[EventCountry "SVK"]
[SourceTitle "EXT 2019"]
[Source "ChessBase"]
[SourceDate "2018.10.10"]
[SourceVersion "1"]
[SourceVersionDate "2018.10.10"]
[SourceQuality "1"]
[WhiteTeam "Presov Slavia PU"]
[BlackTeam "Kysucke Nove Mesto"]
[WhiteTeamCountry "SVK"]
[BlackTeamCountry "SVK"]

1. c4 Nf6 2. Nc3 g6 3. e4 d6 4. d4 Bg7 5. Nf3 0-0 6. Be2 c5 7. 0-0 cxd4 8. Nxd4 Nc6 9. Nc2 Ne8 10. Be3 f5 11. exf5 Bxf5 12. Nd4 Bd7 13. c5 Nxd4 14. Bxd4 Bc6 15. Bxg7 Kxg7 16. Qd4+ Rf6 17. Rad1 e5 18. Qe3 Qa5 19. Ne4 Bxe4 20. Qxe4 Rb8 21. b4 Qd8 22. cxd6 Rxd6 23. Qxe5+ Qf6 24. Qe3 b6 25. Bf3 Rbd8 26. Rxd6 Qxd6 27. Re1 Kf8 28. g3 Qxb4 29. Qh6+ Kg8 30. Bd5+ Kh8 31. Qe3 Ng7 32. Bb3 Re8 33. Qxe8+ Nxe8 34. Rxe8+ Kg7 35. Re3 a5 36. Kg2 a4 37. Be6 Qc5 38. Kf1 b5 39. Ke2 b4 40. Kd1 Kf6 41. Kd2 Qd4+ 42. Kc2 h5 43. h3 g5 44. g4 h4 45. Bf5 Qa1 46. Be6 Qf1 47. Bd5 Qxf2+ 48. Kd3 Qb2 49. Kc4 Qxa2+ 50. Kd4 Qb2+ 0-1

[Event "SVK-chT1E 1617"]
[Site "Slovakia"]
[Date "2017.02.25"]
[Round "8.7"]
[White "Tomcik, Milan"]
[Black "Foglar, Ivan"]
[Result "1/2-1/2"]
[WhiteElo "2060"]
[BlackElo "1992"]
[PlyCount "87"]
[EventDate "2016.10.15"]
[EventType "team-tourn"]
[EventRounds "11"]
[EventCountry "SVK"]
[SourceTitle "EXT 2018"]
[Source "ChessBase"]
[SourceDate "2017.10.13"]
[SourceVersion "1"]
[SourceVersionDate "2017.10.13"]
[SourceQuality "1"]
[WhiteTeam "Kysucke Nove Mesto"]
[BlackTeam "Margecany Eltra"]
[WhiteTeamCountry "SVK"]
[BlackTeamCountry "SVK"]

1. e4 e5 2. Nf3 Nc6 3. Bc4 Be7 4. d4 exd4 5. Nxd4 d6 6. 0-0 Nf6 7. Nc3 Nxd4 8. Qxd4 0-0 9. Bf4 Be6 10. Nd5 Nxd5 11. exd5 Bf5 12. Qd2 Bf6 13. c3 Qd7 14. f3 Rfe8 15. g4 Bg6 16. Bg3 Qd8 17. Qf2 h5 18. h4 Qd7 19. g5 Be7 20. Rfe1 a6 21. Rad1 Bf8 22. Kg2 Rxe1 23. Rxe1 Re8 24. b4 Bf5 25. Qa7 Rxe1 26. Bxe1 Qe7 27. Bf2 Bc8 28. Qe3 Qd7 29. Kf1 g6 30. Bb3 a5 31. a4 axb4 32. cxb4 Qf5 33. Ke2 Qb1 34. Be1 Qb2+ 35. Bd2 Bf5 36. a5 Bg7 37. Bd1 Bd7 38. Qd3 Qe5+ 39. Be3 Bf5 40. Qc4 Qb2+ 41. Bd2 Qe5+ 42. Be3 Qb2+ 43. Bd2 Qe5+ 44. Be3 1/2-1/2

[Event "SVK-chT2C 1617"]
[Site "Slovakia"]
[Date "2017.01.21"]
[Round "7.7"]
[White "Kupka, Jakub"]
[Black "Tomcik, Milan"]
[Result "1/2-1/2"]
[WhiteElo "1923"]
[BlackElo "2040"]
[PlyCount "134"]
[EventDate "2016.10.08"]
[EventType "team-tourn"]
[EventRounds "11"]
[EventCountry "SVK"]
[SourceTitle "EXT 2018"]
[Source "ChessBase"]
[SourceDate "2017.10.13"]
[SourceVersion "1"]
[SourceVersionDate "2017.10.13"]
[SourceQuality "1"]
[WhiteTeam "Cadca Caissa"]
[BlackTeam "Rajecke Teplice"]
[WhiteTeamCountry "SVK"]
[BlackTeamCountry "SVK"]

1. e4 c6 2. d4 d5 3. Nc3 dxe4 4. Nxe4 Bf5 5. Ng3 Bg6 6. Nf3 Nd7 7. Bd3 Bxd3 8. Qxd3 e6 9. 0-0 Ngf6 10. Re1 Be7 11. Bg5 h6 12. Bxf6 Nxf6 13. Rad1 0-0 14. c4 Qc7 15. Ne4 Rad8 16. Nxf6+ Bxf6 17. Qe4 Rd7 18. Re2 Rfd8 19. Red2 Qa5 20. b3 a6 21. g3 g6 22. Kg2 Kg7 23. h3 Rd6 24. g4 h5 25. Qe3 hxg4 26. hxg4 Rh8 27. Qf4 Qd8 28. g5 Be7 29. Rh1 Rxh1 30. Kxh1 f6 31. gxf6+ Bxf6 32. Kg2 Qf8 33. Qe4 Bd8 34. c5 Rd5 35. Qxe6 Qf4 36. Ne5 Qg5+ 37. Kf1 Qf6 38. Qxf6+ Bxf6 39. Nf3 g5 40. Kg2 Kg6 41. b4 Kf5 42. Kg3 g4 43. Nh4+ Ke4 44. Re2+ Kd3 45. Re6 Bxd4 46. Re7 b6 47. cxb6 Bxb6 48. Re6 Bc7+ 49. Kxg4 Rd4+ 50. Kh5 Rxb4 51. Rxc6 Bb6 52. f4 Bf2 53. Ng6 Ra4 54. f5 Bd4 55. Rd6 Ke4 56. Kg5 Rxa2 57. Re6+ Kd5 58. Ne7+ Kc5 59. Nc6 Rg2+ 60. Kh5 Bc3 61. Kh6 a5 62. Nxa5 Bxa5 63. f6 Kd5 64. Re8 Bb4 65. f7 Rf2 66. Kg7 Bc3+ 67. Kg8 Rg2+ 1/2-1/2

[Event "SVK-chT2C 1617"]
[Site "Slovakia"]
[Date "2016.12.03"]
[Round "5.7"]
[White "Staffen, Richard"]
[Black "Tomcik, Milan"]
[Result "1/2-1/2"]
[WhiteElo "2050"]
[BlackElo "2040"]
[PlyCount "30"]
[EventDate "2016.10.08"]
[EventType "team-tourn"]
[EventRounds "11"]
[EventCountry "SVK"]
[SourceTitle "EXT 2018"]
[Source "ChessBase"]
[SourceDate "2017.10.13"]
[SourceVersion "1"]
[SourceVersionDate "2017.10.13"]
[SourceQuality "1"]
[WhiteTeam "Zilina Mladost II"]
[BlackTeam "Rajecke Teplice"]
[WhiteTeamCountry "SVK"]
[BlackTeamCountry "SVK"]

1. c4 Nf6 2. Nc3 e6 3. Nf3 d5 4. cxd5 exd5 5. d4 c6 6. Bg5 h6 7. Bh4 Bf5 8. e3 Be7 9. Bd3 Ne4 10. Bxe7 Qxe7 11. 0-0 Bg4 12. Qc2 Bxf3 13. gxf3 Ng5 14. f4 Nf3+ 15. Kg2 Nxh2 1/2-1/2

[Event "SVK-chT2C 1516"]
[Site "Slovakia"]
[Date "2016.02.13"]
[Round "8.4"]
[White "Frink, Ferenc"]
[Black "Tomcik, Milan"]
[Result "1/2-1/2"]
[WhiteElo "2098"]
[BlackElo "2055"]
[PlyCount "119"]
[EventDate "2015.10.17"]
[EventType "team-tourn"]
[EventRounds "11"]
[EventCountry "SVK"]
[SourceTitle "EXT 2017"]
[Source "ChessBase"]
[SourceDate "2016.10.25"]
[SourceVersion "1"]
[SourceVersionDate "2016.10.25"]
[SourceQuality "1"]
[WhiteTeam "Filakovo"]
[BlackTeam "Rajecke Teplice"]
[WhiteTeamCountry "SVK"]
[BlackTeamCountry "SVK"]

1. e4 c6 2. a3 d5 3. e5 Bf5 4. d4 a6 5. Bd3 Bxd3 6. Qxd3 e6 7. Ne2 c5 8. c3 Nc6 9. b4 c4 10. Qh3 Nge7 11. 0-0 Nf5 12. a4 Qh4 13. Qxh4 Nxh4 14. h3 Be7 15. Nd2 Kd7 16. f4 h5 17. g3 Nf5 18. Nf3 a5 19. b5 Nd8 20. Kf2 b6 21. Ba3 Bxa3 22. Rxa3 Nb7 23. Raa1 Rag8 24. Rh1 g6 25. Rag1 Nd8 26. g4 Ne7 27. Ng5 Rh6 28. Ng3 hxg4 29. hxg4 Rgh8 30. Rxh6 Rxh6 31. Rh1 Rxh1 32. Nxh1 Ng8 33. Kf3 Ke7 34. Ng3 f5 35. exf6+ Kxf6 36. Nf1 Ne7 37. Ke3 Nb7 38. Nf3 Nd6 39. N1d2 Nec8 40. Ne5 Kg7 41. Nb1 Kf6 42. Nd2 Kg7 43. Ndf3 Ne4 44. Ng5 Nxc3 45. Nxe6+ Kf6 46. Nc7 Nxa4 47. Nxd5+ Ke6 48. Nc7+ Kd6 49. Na6 Nb2 50. Nxg6 Na7 51. f5 Nxb5 52. Nf4 c3 53. Ne2 Nd1+ 54. Kd3 Nf2+ 55. Kc4 Na3+ 56. Kb3 Nb5 57. g5 Ne4 58. g6 Ke7 59. Nb8 Nbd6 60. Na6 1/2-1/2

[Event "Stare Mesto op"]
[Site "Stare Mesto"]
[Date "2015.08.18"]
[Round "6"]
[White "Tomcik, Milan"]
[Black "Stuchly, Ondrej"]
[Result "1-0"]
[WhiteElo "2054"]
[BlackElo "1979"]
[PlyCount "117"]
[EventDate "2015.08.14"]
[EventType "swiss"]
[EventRounds "10"]
[EventCountry "CZE"]
[SourceTitle "EXT 2016"]
[Source "ChessBase"]
[SourceDate "2015.10.08"]
[SourceVersion "1"]
[SourceVersionDate "2015.10.08"]
[SourceQuality "1"]

1. e4 c5 2. Nc3 e6 3. f4 d5 4. Bb5+ Bd7 5. Bxd7+ Qxd7 6. d3 Nc6 7. Nf3 Be7 8. e5 h5 9. Bd2 Nh6 10. h3 Nf5 11. Ne2 h4 12. c3 d4 13. c4 Ne3 14. Bxe3 dxe3 15. Qc2 0-0-0 16. 0-0-0 f6 17. d4 Nxd4 18. Nexd4 cxd4 19. Nxd4 Qxd4 20. Rxd4 Rxd4 21. Qc3 Rxf4 22. Qxe3 Rxc4+ 23. Kb1 Kb8 24. exf6 Bxf6 25. Qxe6 Rd4 26. Qe3 Rhd8 27. Rc1 Rd2 28. Qf4+ R8d6 29. Rc2 Rxc2 30. Kxc2 Kc7 31. g4 g5 32. Qf5 a6 33. Qa5+ Kc8 34. Qe1 Kd7 35. Qe4 Kc7 36. Qe8 b5 37. Qa8 Kd7 38. Qb7+ Ke6 39. b3 Be7 40. Qc8+ Kf7 41. a4 bxa4 42. bxa4 Kg7 43. Kc3 Kf7 44. Kc4 Kg7 45. Qe8 Kf6 46. Qg8 Rc6+ 47. Kd5 Rd6+ 48. Ke4 Re6+ 49. Kf3 Ke5 50. Qh7 Kd5 51. Qf5+ Kd6 52. Qd3+ Kc5 53. Qd7 Rf6+ 54. Ke4 Rf4+ 55. Ke5 Bf6+ 56. Ke6 Kb6 57. Qd5 Kc7 58. a5 Bd8 59. Qd7+ 1-0